| 000 | 00956nmm a2200337 a 4500 | ||
|---|---|---|---|
| 003 | AR-BaBNM | ||
| 005 | 20251128205148.0 | ||
| 008 | 097019s1985 ||||||||||||||000 | spa|| | ||
| 020 | _a0-326-6060 | ||
| 040 | _cAR-BaBNM | ||
| 110 | 2 | _aUniversidad Nacional de Luján | |
| 245 | 1 | 0 |
_aCuadernos de historia regional _n2 |
| 250 | _a1ª ed. | ||
| 260 |
_aBuenos Aires _bEudeba _c1985 |
||
| 300 | 0 |
_a64 p. _btablas |
|
| 500 | 0 | _aActualización de publicaciones | |
| 504 | _aBibliografía en cada artículo | ||
| 650 | 4 | _aINMIGRACION | |
| 650 | 4 | _aHISTORIA SOCIAL | |
| 650 | 4 | _aHISTORIA DE BUENOS AIRES | |
| 650 | 4 | _aHISTORIA ECONOMICA | |
| 650 | 4 | _aVIRREINATO DEL RIO DE LA PLATA | |
| 650 | 4 | _aHISTORIA COMERCIAL | |
| 651 | 4 | _aBuenos Aires [Capital Federal] | |
| 700 | 1 | _aMayo, Carlos A. | |
| 700 | 1 | _aDevoto, Fernando J. | |
| 700 | 1 | _aEcheverría, Mirta S. | |
| 700 | 1 | _aEscalada, Francisco A. de | |
| 942 | _cBK | ||
| 998 | _cmariana | ||
| 999 |
_c10247 _d10247 |
||